| 000 | 00347nam a2200145Ia 4500 | ||
|---|---|---|---|
| 008 | 230917s9999||||xx |||||||||||||| ||und|| | ||
| 040 |
_e138578 _aMAIN |
||
| 041 | _aEnglish | ||
| 082 | _a005.432 C76W | ||
| 100 | _aConger, Jim | ||
| 245 | 0 | _aWindow programming primer plus | |
| 260 |
_aDelhi _bGalgotia _c2003 |
||
| 300 | _a714 p. | ||
| 942 | _cBK | ||
| 999 |
_c115769 _d115769 |
||